Využívanie fondov rizikového kapitálu pri financovaní MSP bakalárska práca

Salvato in:
Dettagli Bibliografici
Autore principale: Mráz, Martin
Ente Autore: Fakulta podnikového manažmentu EU. Katedra podnikovohospodárska
Altri autori: Bukovová, Sylvia, 1959-
Natura: Libro
Lingua:slovacco
Pubblicazione: Bratislava 2024
Tags: Aggiungi Tag
Nessun Tag, puoi essere il primo ad aggiungerne!!

MARC

LEADER 00000nbm a2200000 4500
001 0302008
005 20250206092411.7
041 0 |a slo 
044 |a SK 
245 1 0 |a Využívanie fondov rizikového kapitálu pri financovaní MSP  |b bakalárska práca  |c Martin Mráz ; školiteľ: Sylvia Bukovová 
264 1 |a Bratislava  |c 2024 
300 |a 60 s. 
100 1 |a Mráz, Martin 
700 1 |a Bukovová, Sylvia, 1959- 
710 2 |a Fakulta podnikového manažmentu EU. Katedra podnikovohospodárska